000 00427cam a2200169ua 4500
020 _a81-85711-56-9
_c140.00
041 _aeng
_h
082 _a660.6
_bGUP/EL
100 _aGupta, P K .
245 _aElements of biotechnology /
_cP K Gupta.
_hTextual Documents
260 _aMeerut :
_bRastogi Publications ,
_c1996.
300 _a602 ; .
365 _a140.00
504 _a
942 _cBK
999 _c10785
_d10785